Backlash: die neue Gewalt gegen Frauen
Der US Supreme Court verbietet das Recht auf Abtreibung, die Polizei verzeichnet einen starken Anstieg häuslicher Gewalt, auf TikTok werden Tötungsfantasien an Frauen zum Trend. Die These: Dieser Backlash ist eine Reaktion auf die zunehmende Gleichberechtigung. Wie kann der Teufelskreis durchbrochen...
| 1. VerfasserIn: | |
|---|---|
| Körperschaft: | |
| Medienart: | Druck Buch |
| Sprache: | Deutsch |
| Veröffentlicht: |
Stuttgart
Tropen
[2023]
|
| In: | Jahr: 2023 |
| Online-Zugang: |
Cover (Verlag) Inhaltstext (Verlag) Inhaltsverzeichnis Inhaltsverzeichnis Rezension (Perlentaucher) |
| Verfügbarkeit prüfen: | HBZ Gateway |
| Buchbeschaffung: | Buchbestellung aufgeben |
| Subito Bestelldienst: | Jetzt bestellen. |
| Schlagwörter: |
MARC
| LEADER | 00000cam a2200000 c 4500 | ||
|---|---|---|---|
| 001 | 1821363825 | ||
| 003 | DE-627 | ||
| 005 | 20251226204444.0 | ||
| 007 | tu | ||
| 008 | 221102s2023 gw ||||| 00| ||ger c | ||
| 015 | |a 22,N45 |2 dnb | ||
| 016 | 7 | |a 1271801140 |2 DE-101 | |
| 020 | |a 9783608501728 |c Festeinband : EUR 22.00 (DE), EUR 22.70 (AT) |9 978-3-608-50172-8 | ||
| 020 | |a 360850172X |9 3-608-50172-X | ||
| 024 | 3 | |a 9783608501728 | |
| 035 | |a (DE-627)1821363825 | ||
| 035 | |a (DE-599)DNB1271801140 | ||
| 035 | |a (OCoLC)1350530753 | ||
| 040 | |a DE-627 |b ger |c DE-627 |e rda | ||
| 041 | |a ger | ||
| 044 | |c XA-DE-BW | ||
| 082 | 0 | |a 305.42 |q DE-101 |2 23/ger | |
| 082 | 0 | 4 | |a 300 |a 360 |q DE-101 |
| 084 | |a S 575 |2 sfb | ||
| 084 | |a MS 3150 |q DE-14/sred |2 rvk |0 (DE-625)rvk/123671: | ||
| 084 | |a PH 8740 |2 rvk |0 (DE-625)rvk/136517: | ||
| 084 | |a PH 8820 |2 rvk |0 (DE-625)rvk/136521: | ||
| 084 | |a 86.41 |2 bkl | ||
| 084 | |a 71.31 |2 bkl | ||
| 084 | |a 71.33 |2 bkl | ||
| 100 | 1 | |a Kaiser, Susanne |d 1980- |e VerfasserIn |0 (DE-588)1076479731 |0 (DE-627)834927470 |0 (DE-576)445322128 |4 aut | |
| 109 | |a Kaiser, Susanne 1980- | ||
| 245 | 1 | 0 | |a Backlash |b die neue Gewalt gegen Frauen |c Susanne Kaiser |
| 264 | 1 | |a Stuttgart |b Tropen |c [2023] | |
| 264 | 4 | |c © 2023 | |
| 300 | |a 221 Seiten |c 21.5 cm x 14.3 cm | ||
| 336 | |a Text |b txt |2 rdacontent | ||
| 337 | |a ohne Hilfsmittel zu benutzen |b n |2 rdamedia | ||
| 338 | |a Band |b nc |2 rdacarrier | ||
| 490 | 0 | |a Tropen Sachbuch | |
| 500 | |a Literaturverzeichnis: Seite 217-221 | ||
| 500 | |a Hier auch später erschienene, unveränderte Nachdrucke | ||
| 520 | |a Der US Supreme Court verbietet das Recht auf Abtreibung, die Polizei verzeichnet einen starken Anstieg häuslicher Gewalt, auf TikTok werden Tötungsfantasien an Frauen zum Trend. Die These: Dieser Backlash ist eine Reaktion auf die zunehmende Gleichberechtigung. Wie kann der Teufelskreis durchbrochen werden? Die Journalistin Susanne Kaiser erzählt die ganze Geschichte und entwirft mögliche Lösungen. | ||
| 583 | 1 | |a Archivierung/Langzeitarchivierung gewährleistet |f PEBW |x XA-DE-BW |2 pdager |5 DE-24 | |
| 689 | 0 | 0 | |d s |0 (DE-588)4020832-1 |0 (DE-627)10631663X |0 (DE-576)208934979 |a Gewalt |2 gnd |
| 689 | 0 | 1 | |d s |0 (DE-588)4018202-2 |0 (DE-627)104270705 |0 (DE-576)208923209 |a Frau |2 gnd |
| 689 | 0 | 2 | |d s |0 (DE-588)4039563-7 |0 (DE-627)106227637 |0 (DE-576)20903548X |a Misshandelte Frau |2 gnd |
| 689 | 0 | 3 | |d s |0 (DE-588)4155231-3 |0 (DE-627)10551733X |0 (DE-576)209817259 |a Frauenfeindlichkeit |2 gnd |
| 689 | 0 | 4 | |d s |0 (DE-588)4044914-2 |0 (DE-627)106203797 |0 (DE-576)209062878 |a Patriarchat |2 gnd |
| 689 | 0 | |5 DE-101 | |
| 689 | 1 | 0 | |d s |0 (DE-588)4155231-3 |0 (DE-627)10551733X |0 (DE-576)209817259 |a Frauenfeindlichkeit |2 gnd |
| 689 | 1 | |5 (DE-627) | |
| 710 | 2 | |a Klett-Cotta Verlag |b Tropen-Verlag |e Verlag |0 (DE-588)1065527934 |0 (DE-627)816199256 |0 (DE-576)425268527 |4 pbl | |
| 776 | 1 | |z 9783608119886 |c E-Book | |
| 856 | 4 | 2 | |u https://portal.dnb.de/opac/mvb/cover?isbn=978-3-608-50172-8 |m X:MVB |q image/jpg |v 2025-01-31 |x Verlag |3 Cover |7 1 |
| 856 | 4 | 2 | |u http://www.gbv.de/dms/weimar/toc/1821363825_toc.pdf |m DE-601 |q application/pdf |3 Inhaltsverzeichnis |7 1 |
| 856 | 4 | 2 | |u https://d-nb.info/1271801140/04 |m B:DE-101 |q application/pdf |v 2025-01-31 |x Verlag |3 Inhaltsverzeichnis |7 1 |
| 856 | 4 | 2 | |u http://deposit.dnb.de/cgi-bin/dokserv?id=819a2df23e04480e88cfc3bb8c662822&prov=M&dok_var=1&dok_ext=htm |m X:MVB |q text/html |x Verlag |3 Inhaltstext |7 1 |
| 856 | 4 | 2 | |u https://www.perlentaucher.de/buch/susanne-kaiser/backlash.html |z Perlentaucher |3 Rezension |7 1 |
| 935 | |a mkri | ||
| 936 | r | v | |a MS 3150 |b Frauenbewegung |k Soziologie |k Spezielle Soziologien |k Soziologische Geschlechterforschung (Gender Studies) |k Spezielle Forschungsgebiete der soziologischen Geschlechterforschung |k Geschlechtlich motivierte politische Bewegungen |k Frauenbewegung |0 (DE-627)144133470X |0 (DE-625)rvk/123671: |0 (DE-576)371334705 |
| 936 | r | v | |a PH 8740 |b Schwangerschaftsabbruch; Gewalt in der Familie; Kindesmisshandlung; Selbstmord |k Rechtswissenschaft |k Strafrecht, Strafverfahrensrecht, Kriminologie |k Kriminologie |k Einzelne Deliktsgruppen |k Gewaltkriminalität, Gewaltdelikt |k Schwangerschaftsabbruch; Gewalt in der Familie; Kindesmisshandlung; Selbstmord |0 (DE-627)1271948486 |0 (DE-625)rvk/136517: |0 (DE-576)201948486 |
| 936 | r | v | |a PH 8820 |b Gewalt / Sexualverhalten; Vergewaltigung, Sexueller Missbrauch, Sexuelle Nötigung; Kind / Sexueller Missbrauch; Pornographie; Prostitution; Zuhälterei; Abweichendes Sexualverhalten |k Rechtswissenschaft |k Strafrecht, Strafverfahrensrecht, Kriminologie |k Kriminologie |k Einzelne Deliktsgruppen |k Sexualkriminalität |k Gewalt / Sexualverhalten; Vergewaltigung, Sexueller Missbrauch, Sexuelle Nötigung; Kind / Sexueller Missbrauch; Pornographie; Prostitution; Zuhälterei; Abweichendes Sexualverhalten |0 (DE-627)1271675048 |0 (DE-625)rvk/136521: |0 (DE-576)201675048 |
| 936 | b | k | |a 86.41 |j Kriminologie |0 (DE-627)181572001 |
| 936 | b | k | |a 71.31 |j Geschlechter und ihr Verhalten |0 (DE-627)106412655 |
| 936 | b | k | |a 71.33 |j Frau |x Soziologie |0 (DE-627)106412671 |
| 951 | |a BO | ||
| ELC | |b 1 | ||
| LOK | |0 000 xxxxxcx a22 zn 4500 | ||
| LOK | |0 001 4270266252 | ||
| LOK | |0 003 DE-627 | ||
| LOK | |0 004 1821363825 | ||
| LOK | |0 005 20230224081216 | ||
| LOK | |0 008 230210||||||||||||||||ger||||||| | ||
| LOK | |0 040 |a DE-Frei85 |c DE-627 |d DE-Frei85 | ||
| LOK | |0 852 |a DE-Frei85 | ||
| LOK | |0 852 1 |m p |9 00 | ||
| LOK | |0 938 |k p | ||
| LOK | |0 939 |a 10-02-23 |b l01 | ||
| ORI | |a SA-MARC-krimdoka001.raw | ||
| PDA | |a yes | ||
